| 000 | 01853 a2200229 4500 | ||
|---|---|---|---|
| 001 | 49431 | ||
| 005 | 20260407155758.0 | ||
| 008 | 260407a2003 arg spa d | ||
| 003 | AR-UNSa-BCEJYS | ||
| 040 |
_aAR-UNSa-BCEJYS _bspa _cAR-UNSa-BCEJYS |
||
| 080 |
_a658 _xAdministración de empresas. Organización comercial |
||
| 245 | 1 | 0 |
_aAdministración _pun enfoque interdisciplinario y competitivo |
| 020 | _a978-987-9094-88-4 | ||
| 264 | 1 |
_aCórdoba : _bEdiciones Eudecor _c2003 |
|
| 300 |
_a559 p. _c27 cm. |
||
| 505 | _aPARTE I: La administración y sus fundamentos: 1. La administración y los administradores - 2. La evolución del pensamiento administrativo - 3. Los nuevos desafíos de la administración - 4. Las organizaciones - PARTE II: La toma de decisiones y el planeamiento: 5. La toma de decisiones - 6. El establecimiento de objetivos y la visión global del planeamiento - 7. El planeamiento en acción - 8. El proceso de la formulación de la estrategia - PARTE III: La acción de organizar y el establecimiento de estructuras: 9. Los fundamentos de la estructura organizativa - 10. El diseño de la estructura de la organización - PARTE IV: La dirección de las organizaciones: 11. La integración de las personas en la organización - 12. Los fundamentos de la dirección de las organizaciones - PARTE V: El control y el cambio en la organización: 13. El control directivo en la organización - 14. La administración del cambio organizacional - PARTE VI: La administración en pequeñas y medianas empresas: 15. La administración en las pequeñas y medianas empresas y en las empresas familiares. | ||
| 041 | _aspa | ||
| 942 | _cBK | ||
| 590 | _aniveau_biblio:m niveau_hierar:0 | ||
| 100 | 1 | _aAlvarez, Héctor Felipe | |
| 856 | 4 | 1 |
_uhttps://www.biblioeco.unsa.edu.ar/pmb/images/libros/L128093.jpg _yImagen de portada _qimage/jpeg |
| 999 |
_c4842 _d4842 |
||